Landlocked countries - Sudden Death - Statistics

General Stats
  • This quiz has been taken 35 times
    14 since last reset
  • The average score is 6 of 11
Answers on the Grid
Answers color-coded by a green-red scale on the quiz's grid according to % correct below.
Czechia
Chad
Singapore
Luxembourg
Andorra
Armenia
Belize
Bolivia
Bosnia
Brunei
Chile
Democratic Republic of the Congo
Kazakhstan
Liechtenstein
Lithuania
Mongolia
Nambia
Poland
Switzerland
Uzbekistan
 
Answer Stats
Answer % Correct
Czechia
100%
Armenia
75%
Bolivia
75%
Chad
75%
Andorra
50%
Kazakhstan
50%
Luxembourg
50%
Mongolia
50%
Liechtenstein
25%
Switzerland
25%
Uzbekistan
25%
No matching quizzes found
Score Distribution
Percent of People with Each Score
Percentile by Number Answered
Your Score History
You have not taken this quiz since the last reset